[Event "Koge Niels Juel Cup"]
[Site "Koge"]
[Date "2013.04.27"]
[Round "10"]
[White "Karunanayake, Mauri"]
[Black "Kryger, Oksana"]
[Result "0-1"]
[WhiteElo "1614"]
[BlackElo "2133"]
[PlyCount "62"]
[EventDate "2013.04.20"]
[EventType "swiss"]
[EventRounds "10"]
[EventCountry "DEN"]
[SourceTitle "CBM 154 Extra"]
[Source "ChessBase"]
[SourceDate "2013.06.25"]
[SourceVersion "2"]
[SourceVersionDate "2013.06.25"]
[SourceQuality "1"]

1. e4 e6 2. d4 d5 3. Nd2 Nc6 4. Ngf3 Nf6 5. e5 Nd7 6. Be2 f6 7. exf6 Qxf6 8. Nf1 Bd6 9. Ne3 0-0 10. 0-0 Qg6 11. c4 Nf6 12. c5 Be7 13. Bb5 Nd7 14. Bxc6 bxc6 15. Re1 e5 16. dxe5 Nxc5 17. Nd4 Nd3 18. Nxc6 Bh4 19. Re2 Qxc6 20. Qxd3 Ba6 21. Rc2 Bxf2+ 22. Kh1 Bxd3 23. Rxc6 d4 24. Nd5 Rae8 25. Rxc7 Rxe5 26. Ne7+ Rxe7 27. Rxe7 Bh4 28. Bg5 Bxg5 29. Ree1 Be3 30. h3 Rf2 31. Rad1 Be4 0-1

[Event "Kuala Lumpur op 8th"]
[Site "Kuala Lumpur"]
[Date "2011.08.25"]
[Round "9"]
[White "Karunanayake, Mauri"]
[Black "Qiu, Mengjie"]
[Result "0-1"]
[WhiteElo "1667"]
[BlackElo "1941"]
[PlyCount "78"]
[EventDate "2011.08.18"]
[EventType "swiss"]
[EventRounds "9"]
[EventCountry "MAS"]
[SourceTitle "CBM 144 Extra"]
[Source "ChessBase"]
[SourceDate "2011.10.28"]
[SourceVersion "1"]
[SourceVersionDate "2011.10.28"]
[SourceQuality "1"]

1. e4 e5 2. Nf3 Nc6 3. Nc3 Nf6 4. d4 exd4 5. Nxd4 Bb4 6. Nxc6 bxc6 7. Bd3 0-0 8. 0-0 d5 9. exd5 cxd5 10. Bd2 c6 11. Na4 Bd6 12. h3 h6 13. Re1 c5 14. c3 Bd7 15. Bc2 Bc6 16. Be3 Qa5 17. Bd2 Rad8 18. c4 Qc7 19. cxd5 Nxd5 20. Qc1 Nf4 21. Bxf4 Bxf4 22. Qb1 Rd2 23. Nxc5 Bxg2 24. Kxg2 Qxc5 25. Bh7+ Kh8 26. Rf1 g6 27. Bxg6 fxg6 28. Qxg6 Rg8 29. Qxg8+ Kxg8 30. Rac1 Qd5+ 31. Kg1 Rd3 32. Rc8+ Kh7 33. Rc3 Rxc3 34. bxc3 Qf3 35. c4 Qxh3 36. Rd1 Bh2+ 37. Kh1 Bg3+ 38. Kg1 Qh2+ 39. Kf1 Qxf2# 0-1

[Event "Kuala Lumpur op 8th"]
[Site "Kuala Lumpur"]
[Date "2011.08.20"]
[Round "4"]
[White "Karunanayake, Mauri"]
[Black "Azman Hisham, Nur Nabila"]
[Result "0-1"]
[WhiteElo "1667"]
[BlackElo "1894"]
[PlyCount "124"]
[EventDate "2011.08.18"]
[EventType "swiss"]
[EventRounds "9"]
[EventCountry "MAS"]
[SourceTitle "CBM 144 Extra"]
[Source "ChessBase"]
[SourceDate "2011.10.28"]
[SourceVersion "1"]
[SourceVersionDate "2011.10.28"]
[SourceQuality "1"]

1. e4 c5 2. Nf3 e6 3. c3 d5 4. exd5 Qxd5 5. d4 Nc6 6. Be3 cxd4 7. Nxd4 Nxd4 8. Qxd4 Nf6 9. Qxd5 Nxd5 10. Bd4 f6 11. Bc4 Kf7 12. 0-0 b6 13. Nd2 Bb7 14. f3 Rc8 15. Bb3 Bc5 16. Bxc5 bxc5 17. Ne4 Rhd8 18. Rfd1 c4 19. Ba4 f5 20. Ng3 Bc6 21. Bxc6 Rxc6 22. Kf2 Rb8 23. Rd2 Rcb6 24. Nxf5 Rxb2 25. Nd6+ Ke7 26. Nxc4 Rxd2+ 27. Nxd2 Rb2 28. Ke1 Ne3 29. Rb1 Nxg2+ 30. Ke2 Rxa2 31. Rb7+ Kf6 32. Kd3 Nf4+ 33. Ke3 Nd5+ 34. Kd3 Nf4+ 35. Ke3 e5 36. Rd7 a5 37. Ne4+ Kg6 38. Rd6+ Kf7 39. Rd7+ Ke8 40. Rd2 Rxd2 41. Nxd2 Nd5+ 42. Kd3 Ke7 43. Nc4 a4 44. Na3 Ke6 45. c4 Nb4+ 46. Ke4 Na6 47. Nb5 Nc5+ 48. Ke3 Nb7 49. Ke4 Nd6+ 50. Kd3 Nxb5 51. cxb5 Kd5 52. Kc3 Kc5 53. b6 Kxb6 54. Kb4 Kc6 55. Kxa4 Kd5 56. Kb4 Kd4 57. Kb5 Ke3 58. Kc5 Kxf3 59. Kd5 e4 60. Kd4 e3 61. Kd3 e2 62. Kd2 Kf2 0-1

[Event "Wch U18 Girls"]
[Site "Vung Tau"]
[Date "2008.10.21"]
[Round "2"]
[White "Pham Thi Thu, Hien"]
[Black "Karunanayake, Mauri"]
[Result "1-0"]
[WhiteElo "2006"]
[BlackElo "1707"]
[PlyCount "115"]
[EventDate "2008.10.20"]
[EventType "swiss"]
[EventRounds "11"]
[EventCountry "VIE"]
[SourceTitle "EXT 2009"]
[Source "ChessBase"]
[SourceDate "2008.11.26"]
[SourceVersion "1"]
[SourceVersionDate "2008.11.26"]
[SourceQuality "1"]

1. e4 c5 2. c3 Nf6 3. e5 Nd5 4. d4 cxd4 5. Nf3 e6 6. Qxd4 Nc6 7. Qe4 a6 8. Bc4 Nb6 9. Bd3 d6 10. exd6 Bxd6 11. 0-0 Nd5 12. Bg5 Nf6 13. Bxf6 Qxf6 14. Rd1 Ne5 15. Bb5+ Ke7 16. Be2 Nxf3+ 17. Bxf3 Qf4 18. Qxf4 Bxf4 19. g3 Bc7 20. Na3 Rb8 21. Nc2 Rd8 22. Rxd8 Bxd8 23. c4 b6 24. Nb4 Bb7 25. Bxb7 Rxb7 26. Nxa6 b5 27. cxb5 Rxb5 28. b3 Kd7 29. Rd1+ Kc8 30. Rc1+ Kb7 31. Nc5+ Ka7 32. Rc4 Bb6 33. Na4 Rd5 34. Nxb6 Rd1+ 35. Kg2 Kxb6 36. Kf3 Rd2 37. Ra4 f6 38. Ke3 Rd1 39. Ra8 Rd7 40. b4 Kb5 41. a3 Kc4 42. Ra5 Rd3+ 43. Ke2 Rd7 44. b5 Kc5 45. a4 Kb4 46. Ra6 e5 47. b6 g5 48. Ra7 Rd6 49. b7 Rb6 50. a5 Rb5 51. a6 Rb6 52. Ra8 Kb5 53. b8Q Rxb8 54. Rxb8+ Kxa6 55. Rf8 Kb5 56. Rxf6 Kc4 57. Rf5 h6 58. Rxe5 1-0